عرض عادي
عرض مارك
- Huether, Sue E.
مدخل إسم شخص
001 - رقم الضبط
- حقل الضبط: 19857
003 - معرف رقم الضبط
- حقل الضبط: OSt
005 - تاريخ ووقت أخر عملية
- حقل الضبط: 20130127115416.0
008 - عناصر بيانات ثابتة الطول
- حقل تحكم ثابت الطول: 130127|||a|||||| | ||| d
040 ## - مصدر الفهرسة
- هيئة الفهرسة الأصلية: OSt
- وكالة الكتابة: OSt
100 ## - مدخل -- أسم شخص
- إسم شخص: Huether, Sue E.
670 ## - بيانات المصدر موجوده
- الاستشهاد بالمصدر: Work cat.: (OSt)0: Understanding pathophysiology /, c2012.
